La rivalité de la France et d'Espagne aux Pays-Bas (1635-1700) (Record no. 157955)

MARC details
000 -LEADER
campo de control de longitud fija 00968nam a2200229 i 4500
001 - NÚMERO DE CONTROL
campo de control 157955
003 - IDENTIFICADOR DE NÚMERO DE CONTROL
campo de control ES-MaACL
005 - FECHA Y HORA DE LA ÚLTIMA TRANSACCIÓN
campo de control 20230906210922.0
008 - DATOS DE LONGITUD FIJA--INFORMACIÓN GENERAL
campo de control de longitud fija 991116s1896 be |||| | fre d
040 ## - FUENTE DE CATALOGACIÓN
Centro catalogador/agencia de origen CAM
Lengua de catalogación spa
Centro/agencia transcriptor CAM
100 1# - ENTRADA PRINCIPAL--NOMBRE DE PERSONA
Nombre de persona Lonchay, Henri.
9 (RLIN) 73211
245 13 - MENCIÓN DEL TÍTULO
Título La rivalité de la France et d'Espagne aux Pays-Bas (1635-1700)
Resto del título : étude d'histoire diplomatique et militaire /
Mención de responsabilidad, etc. par Henri Lonchay.
260 ## - PUBLICACIÓN, DISTRIBUCIÓN, ETC.
Lugar de publicación, distribución, etc. Bruxelles :
Nombre del editor, distribuidor, etc. [s.n.],
Fecha de publicación, distribución, etc. 1896 (
Fabricante Hayez)
300 ## - DESCRIPCIÓN FÍSICA
Extensión 367 p. ;
Dimensiones 23 cm.
500 ## - NOTA GENERAL
Nota general Separata de Mémoires couronnés et autres mémoires, publiés par l'Académie royale de Bélgique.
530 ## - NOTA DISPONIBLE DE FORMULARIO FÍSICO ADICIONAL
Nota de formato físico adicional disponible Disponible en formato digital.
651 #4 - PUNTO DE ACCESO ADICIONAL DE MATERIA--NOMBRE GEOGRÁFICO
Nombre geográfico Países Bajos-
Subdivisión general Historia-
Subdivisión cronológica S.XVII.
9 (RLIN) 161208
651 #4 - PUNTO DE ACCESO ADICIONAL DE MATERIA--NOMBRE GEOGRÁFICO
Nombre geográfico España-
Subdivisión general Relaciones-
Subdivisión geográfica Francia.
9 (RLIN) 146674
651 #4 - PUNTO DE ACCESO ADICIONAL DE MATERIA--NOMBRE GEOGRÁFICO
Nombre geográfico Francia-
Subdivisión general Relaciones-
Subdivisión geográfica España.
9 (RLIN) 146675
852 ## - LOCALIZACIÓN
Ubicación ES-MaACL
Número de control de estantería G-3617
Nota libre -- Rust.
856 ## - LOCALIZACIÓN Y ACCESO ELECTRÓNICOS
Identificador Uniforme de Recursos <a href="http://bdh-rd.bne.es/viewer.vm?id=0000092395&page=1 ">http://bdh-rd.bne.es/viewer.vm?id=0000092395&page=1 </a>
Nota pública Biblioteca Digital Hispánica
Holdings
Estatus retirado Estado de pérdida Estado de daño No para préstamo Colección Biblioteca de origen Biblioteca actual Ubicación en estantería Fecha de adquisición Fuente de adquisición Total de préstamos Signatura topográfica completa Código de barras Visto por última vez Precio de reemplazo Tipo de ítem Koha
        Colección digital Biblioteca del Ateneo de Madrid Biblioteca del Ateneo de Madrid Depósito 2 17/01/2008     G-3617 1165310 23/02/2023 23/02/2023 Libro impreso antiguo